Internet & World Wide Web : (Record no. 7773)

MARC details
000 -LEADER
fixed length control field 00885nac a22002531u 4500
010 ## - LIBRARY OF CONGRESS CONTROL NUMBER
LC control number 2007034942
020 ## - INTERNATIONAL STANDARD BOOK NUMBER
International Standard Book Number 0131752421
082 00 - DEWEY DECIMAL CLASSIFICATION NUMBER
Classification number 005.2768
Item number DEI
090 ## - LOCALLY ASSIGNED LC-TYPE CALL NUMBER (OCLC); LOCAL CALL NUMBER (OCLC)
-- 7773
-- 7773
100 ## - MAIN ENTRY--PERSONAL NAME
Personal name Deitel, Paul J.
245 10 - TITLE STATEMENT
Title Internet & World Wide Web :
Remainder of title how to program /
Statement of responsibility, etc P.J. Deitel, H.M. Deitel.
246 3# - VARYING FORM OF TITLE
Title proper/short title Internet and World Wide Web, how to program
250 ## - EDITION STATEMENT
Edition statement 4th ed.
260 ## - PUBLICATION, DISTRIBUTION, ETC. (IMPRINT)
Place of publication, distribution, etc Upper Saddle River, NJ :
Name of publisher, distributor, etc Pearson Prentice Hall,2008
Date of publication, distribution, etc 2008.
300 ## - PHYSICAL DESCRIPTION
Extent 1373p.:
Other physical details col. ill.;
Dimensions 23 cm.
500 ## - GENERAL NOTE
General note Includes index.
500 ## - GENERAL NOTE
General note distributer: Baccah
511 ## - PARTICIPANT OR PERFORMER NOTE
Participant or performer note catalogued by: wessam
650 #0 - SUBJECT ADDED ENTRY--TOPICAL TERM
Topical term or geographic name as entry element Internet programming.
650 #0 - SUBJECT ADDED ENTRY--TOPICAL TERM
Topical term or geographic name as entry element World Wide Web.
700 1# - ADDED ENTRY--PERSONAL NAME
Personal name Deitel, Harvey M.,
Dates associated with a name 1945-
942 ## - ADDED ENTRY ELEMENTS (KOHA)
Item type NB - Book (Non borrowing)
Call number prefix 005.2768DEI
Holdings
Withdrawn status Item status Damaged status Not for loan Home library Current library Shelving location Date acquired Source of acquisition Total Checkouts Full call number Barcode Date last seen Date last borrowed Koha item type Total Renewals
        Central Library Central Library Lower Floor 06/02/2008 Purchase 3 005.2768DEI 000009476 15/07/2025 25/08/2010 NB - Book (Non borrowing)  
        Central Library Central Library Lower Floor 06/02/2008 Purchase 11 005.2768DEI 000009475 15/07/2025 08/02/2017 Book - Borrowing 37